| 000 | 01547nam a22003017a 4500 | ||
|---|---|---|---|
| 001 | 5482 | ||
| 003 | FISKH | ||
| 005 | 20241210140857.0 | ||
| 008 | 241210b cb ||||| |||| 00| 0 eng d | ||
| 020 | _a9780439625210 | ||
| 040 |
_aFISKH _beng _cFISKH _dFISKH |
||
| 050 | _aD21.Z44 | ||
| 082 | _a909 | ||
| 100 | _aZeman, Anne | ||
| 245 |
_aWorld history homework / _cby Anne Zeman and Kate Kelly |
||
| 250 | _aFirst printing this Edtion, January 2005 | ||
| 260 |
_aNew York : _bScholastic ; _c1995. |
||
| 300 |
_a135 pages : _bcolor illustrations , maps ; _c28 cm . |
||
| 490 | _aEverything you need to know about | ||
| 505 | _aZ | ||
| 520 | _aHighlighting updated maps, timelines, charts, graphs, a detailed index, and additional visual aids, an accessible reference brings world history up to date. Researched according to middle-grade curriculum and current textbooks, and created in conjunction with subject experts, these titles answer kids' most frequently asked homework questions. In world history, students will find everything from Ancient Egypt to Buddha, from Operation Enduring Freedom to the Olympic Games. These newly revised and updated editions in this popular series answer kids' most frequently asked homework questions, and help students in grades 4-6 complete assignments, write reports, and prepare for tests. | ||
| 521 | 8 |
_a970
_bLexile |
|
| 521 | 8 |
_aZ
_bRaz-Plus |
|
| 650 |
_aworld history _vJuvenile literature |
||
| 700 |
_aKelly, Kate _eillustrator |
||
| 942 |
_2ddc _cBK _n0 |
||
| 999 |
_c5482 _d5482 |
||